000 00392nam a22001577a 4500
003 SGT
020 _a9780712075247
082 _a616.0757
_bG21A
100 _aAdam, Andreas
245 _aGrainger & Allison's Diagnostic Radiology
250 _a7th Ed.
260 _aNetherlands
_bElsevier
_c2021
300 _aVol. 1: 1-1222 Vol. 2 : 1223-2237
650 _aRadiology
942 _2ddc
_cBK
999 _c32820
_d32820